000 00382nam a2200169Ia 4500
003 0STCL
008 150530s9999 xx 000 0 und d
040 _aSTCL
_cSTCL
100 _aAkkitham
245 _aEdinju Polijna Lokam
260 _bDakshina Books ; Thrissur
_c1983
300 _a0
546 _aMalayalam
942 _2ddc
_cBK
999 _c46632
_d46632
005 20220125170711.0